000 00386nam a2200145Ia 4500
008 231217s9999 xx 000 0 und d
041 _aEnglish
082 _a001.64 IIT.1;1 R
100 _aIIT
245 0 _aIntroduction to data structures and algorithms vol.1 : student's guide
260 _c1977
_bIIT
_aKanpur
300 _aii, 210
650 _astructures,vol.1
942 _cAA
999 _c192591
_d192591